| 000 | 00486nam a2200181Ia 4500 | ||
|---|---|---|---|
| 005 | 20240529030812.0 | ||
| 008 | 240331s9999 xx 000 0 und d | ||
| 020 | _a0674896467 | ||
| 082 |
_bMAC _a346.0134 |
||
| 100 | _aMacKinnon, A. Catharine | ||
| 245 | 0 |
_aToward a feminist theory of the state _cCatharine A. Mackinnon |
|
| 260 |
_aAmerica _bHarvard University Press _c1991 |
||
| 300 | _axvii, 330 p ., | ||
| 650 | _aWoman | ||
| 650 | _aLaws | ||
| 650 | _aSocialisum | ||
| 942 | _cL | ||
| 999 |
_c2835 _d2835 |
||